[Event "Issy les Moulineaux-Le Vesinet"]
[Site "Le Vesinet"]
[Date "2007.11.24"]
[Round "2.5"]
[White "Aveline, Philippe"]
[Black "Imbert, Christophe"]
[Result "1-0"]
[WhiteElo "2180"]
[BlackElo "2130"]
[PlyCount "109"]
[EventDate "2007.11.24"]
[SourceDate "2007.10.24"]

1. e4 e5 2. f4 exf4 3. Nf3 Be7 4. Bc4 Nf6 5. Nc3 Nxe4 6. O-O O-O 7. Ne5 d5 8.
Nxd5 Bd6 9. d4 c6 10. Nxf4 Bxe5 11. dxe5 Qb6+ 12. Kh1 Nf2+ 13. Rxf2 Qxf2 14. h3
Bf5 15. Kh2 Nd7 16. e6 Ne5 17. exf7+ Kh8 18. Bb3 Be4 19. Kh1 Nxf7 20. Qg4 Ne5
21. Qg5 Rf5 22. Be3 Rxg5 23. Bxf2 Ng6 24. Re1 Nxf4 25. Rxe4 Nd5 26. c4 Nf6 27.
Re7 b6 28. Rc7 Rf5 29. Kg1 c5 30. Bd1 Rd8 31. Bf3 a5 32. Rc6 Rf4 33. b3 a4 34.
Rxb6 axb3 35. axb3 h6 36. Bxc5 Rd3 37. Be7 Ne4 38. c5 Nd2 39. Be2 Re3 40. Bd6
Rd4 41. Kf2 Rc3 42. b4 Ne4+ 43. Kg1 Rc1+ 44. Kh2 Rb1 45. b5 Rd2 46. Bf3 Ng5 47.
Bc6 Rb3 48. Rb8+ Kh7 49. Bg3 Nf3+ 50. Bxf3 Rxf3 51. c6 Rc3 52. c7 Rcc2 53. h4
Rxg2+ 54. Kh3 Rg1 55. c8=Q 1-0

[Event "Issy les Moulineaux-Le Vesinet"]
[Site "Le Vesinet"]
[Date "2007.11.24"]
[Round "2.6"]
[White "Harrison, Marc"]
[Black "Stambul, Adam"]
[Result "1/2-1/2"]
[WhiteElo "1980"]
[BlackElo "2143"]
[PlyCount "103"]
[EventDate "2007.11.24"]
[SourceDate "2007.10.24"]

1. e4 e5 2. Nf3 Nc6 3. Bb5 a6 4. Ba4 Nf6 5. O-O Be7 6. Re1 b5 7. Bb3 O-O 8. d4
d6 9. c3 Bg4 10. Be3 Na5 11. Bc2 c5 12. dxc5 Bxf3 13. Qxf3 dxc5 14. Nd2 Qc7 15.
Rad1 Rad8 16. Nf1 Rxd1 17. Rxd1 Rd8 18. Bg5 Ne8 19. Bxe7 Qxe7 20. Ne3 Rxd1+ 21.
Qxd1 Qd6 22. Nd5 g6 23. Qg4 Kg7 24. Qc8 Nf6 25. Nxf6 Kxf6 26. Qg4 Qd2 27. Qd1
Qxd1+ 28. Bxd1 Nc4 29. b3 Na3 30. Be2 Nb1 31. c4 b4 32. Bd3 Nc3 33. Kf1 Nxa2
34. Ke1 a5 35. Kd2 Nc3 36. Bc2 Kg5 37. Ke3 f5 38. f3 h5 39. g3 Kf6 40. h4 fxe4
41. fxe4 Ke6 42. Kd3 Kd6 43. Ke3 Kc6 44. Kf3 Kb6 45. g4 a4 46. bxa4 Ka5 47.
gxh5 gxh5 48. Ke3 Nxa4 49. Bd1 Nc3 50. Bb3 Kb6 51. Kd3 Kc6 52. Ke3 1/2-1/2

[Event "Issy les Moulineaux-Le Vesinet"]
[Site "Le Vesinet"]
[Date "2007.11.24"]
[Round "2.7"]
[White "Launiau, Severin"]
[Black "Millet, Maud"]
[Result "1-0"]
[WhiteElo "2141"]
[BlackElo "1910"]
[PlyCount "95"]
[EventDate "2007.11.24"]
[SourceDate "2007.10.24"]

1. c4 d6 2. g3 Nd7 3. Bg2 e5 4. Nc3 Ngf6 5. d3 c6 6. e4 Be7 7. Nf3 O-O 8. O-O
Qc7 9. h3 Nc5 10. Be3 Nfd7 11. b4 Ne6 12. Qb3 Bf6 13. Ne2 c5 14. b5 b6 15. a4
a5 16. Nc3 Bb7 17. Qd1 Rae8 18. Nh2 g6 19. Bh6 Bg7 20. Qd2 f6 21. Ng4 Qd8 22.
f4 Nd4 23. Rae1 Bxh6 24. Nxh6+ Kg7 25. Ng4 h5 26. Ne3 Ne6 27. f5 Ng5 28. h4 Nf7
29. fxg6 Kxg6 30. Qf2 Nh6 31. Nf5 Nf7 32. Bh3 Nb8 33. Nd1 Bc8 34. Nde3 Be6 35.
Qf3 Rg8 36. Re2 Nh6 37. Ref2 Nd7 38. Kh2 Ref8 39. Nxd6 Bxh3 40. Kxh3 Qe7 41.
Ndf5 Qf7 42. Rg2 Kh7 43. Nxh6 Kxh6 44. Rfg1 Rd8 45. Nf5+ Kh7 46. g4 Nf8 47. Qe3
Rxg4 48. Qh6+ 1-0

[Event "Issy les Moulineaux-Le Vesinet"]
[Site "Le Vesinet"]
[Date "2007.11.24"]
[Round "2.8"]
[White "Saglier, Paul"]
[Black "Zoeller, Laure"]
[Result "1/2-1/2"]
[WhiteElo "1881"]
[BlackElo "2010"]
[PlyCount "89"]
[EventDate "2007.11.24"]
[SourceDate "2007.10.24"]

1. Nf3 d5 2. d4 Nf6 3. c4 e6 4. Nc3 Be7 5. Bg5 Nbd7 6. e3 O-O 7. Bd3 dxc4 8.
Bxc4 c5 9. O-O cxd4 10. exd4 Nb6 11. Bd3 Nbd5 12. Ne5 a6 13. Rc1 Nxc3 14. bxc3
Nd5 15. Bd2 b5 16. Qh5 Nf6 17. Qh3 Bb7 18. g4 g6 19. Bh6 Re8 20. Bg5 Qd5 21. f3
Rac8 22. Bxf6 Bxf6 23. Be4 Qd6 24. Bxb7 Rxc3 25. Rcd1 Bxe5 26. dxe5 Qb6+ 27.
Kh1 Qxb7 28. Qg3 Rec8 29. Qf4 Qe7 30. Rd4 R8c4 31. Rfd1 Rxd4 32. Rxd4 Rc2 33.
Qf6 Qxf6 34. exf6 h6 35. Rd8+ Kh7 36. Rd7 Kg8 37. Rd8+ Kh7 38. Rd7 Rc1+ 39. Kg2
Rc2+ 40. Kg3 g5 41. Rxf7+ Kg6 42. Ra7 Kxf6 43. Rxa6 b4 44. Ra4 Rb2 45. a3
1/2-1/2

[Event "Neuville en Ferrain-Franconville"]
[Site "Henin Beaumont"]
[Date "2007.11.24"]
[Round "2.1"]
[White "Depoorter, Enguerran"]
[Black "Debray, Christopher"]
[Result "1/2-1/2"]
[WhiteElo "2200"]
[BlackElo "2380"]
[PlyCount "79"]
[EventDate "2007.11.24"]
[SourceDate "2007.10.24"]

1. e4 c5 2. Nf3 e6 3. d4 cxd4 4. Nxd4 Nc6 5. Nxc6 bxc6 6. Nc3 d5 7. exd5 cxd5
8. Bb5+ Bd7 9. O-O Bb4 10. Bxd7+ Qxd7 11. Qg4 Bxc3 12. bxc3 f5 13. Qd4 Nf6 14.
c4 Kf7 15. cxd5 Qxd5 16. Qxd5 Nxd5 17. c4 Nc3 18. Bd2 Ne2+ 19. Kh1 Rhd8 20.
Rad1 Rac8 21. Be3 Rxd1 22. Rxd1 Rxc4 23. Bxa7 Ra4 24. Rd2 Nc1 25. Rd7+ Kf6 26.
g3 Rxa2 27. f4 Ne2 28. Bb8 e5 29. Bxe5+ Ke6 30. Rxg7 Kd5 31. Rb7 Ke4 32. Rb2
Rxb2 33. Bxb2 Kf3 34. Be5 h5 35. Bf6 Kf2 36. Bd8 Kf1 37. Bb6 h4 38. gxh4 Nxf4
39. Be3 Nh5 40. h3 1/2-1/2

[Event "Neuville en Ferrain-Franconville"]
[Site "Henin Beaumont"]
[Date "2007.11.24"]
[Round "2.2"]
[White "Jacquet, Francois"]
[Black "Tupet, Guillaume"]
[Result "1/2-1/2"]
[WhiteElo "2219"]
[BlackElo "2031"]
[PlyCount "89"]
[EventDate "2007.11.24"]
[SourceDate "2007.10.24"]

1. e4 c5 2. Nf3 Nc6 3. Nc3 Nf6 4. d4 cxd4 5. Nxd4 e5 6. Ndb5 d6 7. Bg5 a6 8.
Na3 b5 9. Nd5 Be7 10. Bxf6 Bxf6 11. c3 O-O 12. Nc2 Rb8 13. Be2 Bg5 14. O-O Be6
15. Nce3 Bxe3 16. Nxe3 Ne7 17. Bf3 a5 18. Qd2 Qb6 19. Rfd1 Rfd8 20. Bg4 Qc6 21.
Bxe6 fxe6 22. f3 d5 23. exd5 exd5 24. Ng4 Ng6 25. Kh1 b4 26. Rac1 Qb6 27. b3 a4
28. bxa4 bxc3 29. Qxc3 Qb2 30. h3 h5 31. Qc6 Nf4 32. Rc2 Qb4 33. Ne3 Rd6 34.
Qc7 Rbd8 35. Nf5 R6d7 36. Qxe5 Qxa4 37. Rcd2 Ng6 38. Qg3 Qc6 39. Qg5 Qf6 40.
Qxh5 Re8 41. Rd4 Re5 42. Rg4 Nf8 43. Nh6+ Kh7 44. Nf5+ Kg8 45. Nh6+ 1/2-1/2

[Event "Neuville en Ferrain-Franconville"]
[Site "Henin Beaumont"]
[Date "2007.11.24"]
[Round "2.3"]
[White "Boudrenghien, Francois"]
[Black "Jactel, Nicolas"]
[Result "1/2-1/2"]
[WhiteElo "2121"]
[BlackElo "2126"]
[PlyCount "47"]
[EventDate "2007.11.24"]
[SourceDate "2007.10.24"]

1. d4 Nf6 2. c4 g6 3. Nc3 d5 4. cxd5 Nxd5 5. e4 Nxc3 6. bxc3 Bg7 7. Nf3 c5 8.
Rb1 O-O 9. Be2 b6 10. O-O Bb7 11. Qd3 Qc7 12. Be3 Rd8 13. Rfd1 Nd7 14. Nd2 Rac8
15. d5 f5 16. exf5 Ne5 17. Qc2 Bxd5 18. fxg6 Nxg6 19. c4 Bc6 20. Bg4 Bd7 21.
Bf3 Bc6 22. Bg4 Bd7 23. Bf3 Bc6 24. Bg4 1/2-1/2

[Event "Neuville en Ferrain-Franconville"]
[Site "Henin Beaumont"]
[Date "2007.11.24"]
[Round "2.4"]
[White "Appendino, Jerome"]
[Black "Bertrand, Xavier"]
[Result "1-0"]
[WhiteElo "2177"]
[BlackElo "2107"]
[PlyCount "139"]
[EventDate "2007.11.24"]
[SourceDate "2007.10.24"]

1. e4 e6 2. d4 d5 3. Nc3 Be7 4. Nf3 Nf6 5. e5 Ne4 6. Bd3 Nxc3 7. bxc3 b6 8. a4
Ba6 9. Bb5+ Bxb5 10. axb5 c6 11. bxc6 Nxc6 12. h4 h6 13. h5 Qc7 14. Rh3 O-O-O
15. Ng1 Kb7 16. Ne2 Na5 17. Rg3 Rdg8 18. Qd3 Nc4 19. Qf3 Bd8 20. Rb1 a5 21. Rg4
Qd7 22. Nf4 Bg5 23. Nd3 Qe7 24. Bxg5 hxg5 25. Rg3 f5 26. exf6 gxf6 27. Qe2 Qf7
28. Rh3 g4 29. Rh1 Rxh5 30. Rf1 e5 31. Kd1 e4 32. Nf4 Rh2 33. Rb5 Rd8 34. Nxd5
Rxd5 35. Qxc4 Rhh5 36. Rxd5 Qxd5 37. Qxd5+ Rxd5 38. Kd2 a4 39. Ke3 f5 40. c4
Ra5 41. Kd2 f4 42. g3 e3+ 43. fxe3 fxg3 44. Kc1 b5 45. Rg1 bxc4 46. Kb2 c3+ 47.
Ka3 Kc6 48. Rxg3 Rb5 49. Rxg4 Rb2 50. Rg1 Kd5 51. Rg5+ Kd6 52. Rc5 Rxc2 53.
Kxa4 Rc1 54. Kb3 c2 55. Rxc2 Re1 56. Rc3 Kd5 57. Rc5+ Kd6 58. Re5 Rc1 59. Kb2
Rc4 60. Rh5 Rc8 61. Ra5 Re8 62. Ra3 Kd5 63. Kc2 Ke4 64. Ra5 Rc8+ 65. Kd2 Re8
66. Rh5 Re7 67. Rh4+ Kd5 68. Kd3 Ra7 69. e4+ Kd6 70. Rh6+ 1-0

[Event "Neuville en Ferrain-Franconville"]
[Site "Henin Beaumont"]
[Date "2007.11.24"]
[Round "2.5"]
[White "Dessenne, Francois"]
[Black "Barthes, Christian"]
[Result "1/2-1/2"]
[WhiteElo "2080"]
[BlackElo "2118"]
[PlyCount "136"]
[EventDate "2007.11.24"]
[SourceDate "2007.10.24"]

1. e4 c5 2. Nf3 e6 3. d4 cxd4 4. Nxd4 a6 5. Nc3 Qc7 6. Be2 Nf6 7. O-O Be7 8. f4
d6 9. Be3 O-O 10. Qe1 Nc6 11. Qg3 Nd7 12. Rad1 Bf6 13. Kh1 Na5 14. f5 Ne5 15.
Bg5 Bxg5 16. Qxg5 Nac4 17. f6 Ng6 18. fxg7 Kxg7 19. Qf6+ Kg8 20. Bxc4 Qxc4 21.
Nf5 exf5 22. exf5 Bxf5 23. Rxf5 Qe6 24. Rxd6 Qxf6 25. Rdxf6 Rad8 26. Nd5 Kg7
27. Rb6 Rd7 28. c4 Re8 29. g3 Re6 30. Rf2 Rxd5 31. Rxb7 Rd1+ 32. Kg2 Ne5 33. b4
Rd7 34. Rxd7 Nxd7 35. Rb2 Rb6 36. a3 Rc6 37. Rd2 Ne5 38. c5 Rf6 39. Rd5 Nc6 40.
Rg5+ Kf8 41. Rh5 h6 42. Kh3 Ke7 43. Rd5 Re6 44. Kg4 Ne5+ 45. Kh5 Nd7 46. Rd3
Nf6+ 47. Kh4 Re2 48. h3 Re4+ 49. g4 h5 50. Rd6 hxg4 51. Rxa6 gxh3+ 52. Kxh3 Nd5
53. Ra7+ Ke6 54. b5 Rc4 55. c6 Nc3 56. b6 Rxc6 57. b7 Rb6 58. Ra6 Rxa6 59. b8=Q
Rxa3 60. Qb4 Nb5+ 61. Kh4 Ra1 62. Qb3+ Ke7 63. Qxb5 Rh1+ 64. Kg4 Rg1+ 65. Kf3
Rg6 66. Qc5+ Ke8 67. Qc8+ Ke7 68. Qh8 Re6 1/2-1/2

[Event "Neuville en Ferrain-Franconville"]
[Site "Henin Beaumont"]
[Date "2007.11.24"]
[Round "2.6"]
[White "Abouan, Stephane"]
[Black "Warkentin, Jurgen"]
[Result "1/2-1/2"]
[WhiteElo "2050"]
[BlackElo "1948"]
[PlyCount "120"]
[EventDate "2007.11.24"]
[SourceDate "2007.10.24"]

1. e4 g6 2. d4 d6 3. Nc3 Bg7 4. f4 c5 5. Bb5+ Bd7 6. Bxd7+ Nxd7 7. d5 b5 8. Nf3
Qb6 9. Qe2 Rb8 10. Be3 a5 11. O-O Ngf6 12. Nd2 Qb7 13. Rae1 h5 14. Kh1 b4 15.
Nd1 Qb5 16. Qf3 O-O 17. Bg1 e6 18. dxe6 fxe6 19. Qg3 Kh7 20. f5 exf5 21. exf5
Ne5 22. fxg6+ Nxg6 23. Nf3 Ne4 24. Ng5+ Nxg5 25. Rxf8 Rxf8 26. Qxg5 Be5 27.
Qxh5+ Kg7 28. Ne3 Qd7 29. Ng4 Bf4 30. Qh3 Ne5 31. Nf2 Qf7 32. Ng4 Qf5 33. Nxe5
Qxh3 34. gxh3 Bxe5 35. b3 Rf5 36. Be3 Bc3 37. Rg1+ Kf6 38. Kg2 Ke6 39. Bf2 Rd5
40. Be3 Re5 41. Bf4 Re2+ 42. Kf3 Rxc2 43. Rg6+ Kf7 44. Rxd6 Bd4 45. Ke4 Rxa2
46. Ra6 Ra3 47. Kf5 Rxb3 48. Ra7+ Ke8 49. Ke6 Kf8 50. Bd6+ Kg8 51. Rxa5 Re3+
52. Kf5 b3 53. Bxc5 Re5+ 54. Kg6 Bxc5 55. Ra8+ Bf8 56. Rb8 Re3 57. h4 Rh3 58.
h5 Rxh2 59. Rxb3 Rg2+ 60. Kf6 Kh7 1/2-1/2

[Event "Neuville en Ferrain-Franconville"]
[Site "Henin Beaumont"]
[Date "2007.11.24"]
[Round "2.7"]
[White "Vanacker, Stephane"]
[Black "Roffe, Benoit"]
[Result "1-0"]
[WhiteElo "2032"]
[BlackElo "1929"]
[PlyCount "81"]
[EventDate "2007.11.24"]
[SourceDate "2007.10.24"]

1. d4 d5 2. Nf3 Nf6 3. Bg5 e6 4. Nbd2 Be7 5. e3 Nbd7 6. Bd3 c5 7. c3 h6 8. Bh4
b6 9. O-O O-O 10. Ne5 Nxe5 11. dxe5 Nd7 12. Bxe7 Qxe7 13. f4 f6 14. exf6 Nxf6
15. Nf3 Nd7 16. Bb5 a6 17. Bxd7 Bxd7 18. Ne5 Bb5 19. Rf2 Qf6 20. Qc2 Rad8 21.
Rd1 Qf5 22. Qxf5 Rxf5 23. c4 Be8 24. e4 Rf6 25. cxd5 exd5 26. Rxd5 Rxd5 27.
exd5 Rd6 28. Rd2 Bf7 29. a3 b5 30. Nxf7 Kxf7 31. Kf2 Kf6 32. g4 c4 33. Ke3 g5
34. Ke4 Rd7 35. d6 gxf4 36. Kd5 Kf7 37. Rf2 a5 38. Rxf4+ Ke8 39. Kc6 Rg7 40.
Kxb5 Kd7 41. Rxc4 1-0

[Event "Neuville en Ferrain-Franconville"]
[Site "Henin Beaumont"]
[Date "2007.11.24"]
[Round "2.8"]
[White "Plumelle, Corinne"]
[Black "Warkentin, Sabine"]
[Result "0-1"]
[WhiteElo "1410"]
[BlackElo "1768"]
[PlyCount "100"]
[EventDate "2007.11.24"]
[SourceDate "2007.10.24"]

1. d4 Nf6 2. e3 g6 3. Bd3 Bg7 4. f4 d6 5. Nf3 Nc6 6. c3 e6 7. h3 h5 8. O-O O-O
9. Nbd2 d5 10. Qc2 Ne7 11. Ne5 Nf5 12. Ndf3 Ng3 13. Re1 Nge4 14. Kh2 c5 15. Rg1
c4 16. Bf1 Nh7 17. g4 hxg4 18. Rxg4 Nhf6 19. Rg1 Nh7 20. Qg2 Qf6 21. Bd2 Nd6
22. Be2 Nf5 23. Qg4 Nh6 24. Qg3 Nf5 25. Qg4 Nh6 26. Qg3 Nf5 27. Qg4 Ne7 28. Be1
Qf5 29. Rc1 Qxg4 30. Rxg4 Nf6 31. Rg2 Ne4 32. Bh4 Nf5 33. Ng4 Bd7 34. Bf2 Rab8
35. Nge5 Be8 36. Rcg1 Nxf2 37. Rxf2 Nxe3 38. Ng5 b5 39. Ngxf7 Bxf7 40. Nd7 Rbd8
41. Nxf8 Rxf8 42. Rf3 Nf5 43. Rf2 Be8 44. Bg4 Rf6 45. Re1 Bd7 46. Kg2 Bh6 47.
Kf3 Kf7 48. Kg2 Nd6 49. Ref1 Ne4 50. Rf3 Nd2 0-1

[Event "Henin Beaumont-Arras"]
[Site "Henin Beaumont"]
[Date "2007.11.24"]
[Round "2.1"]
[White "Petitcunot, Pierre"]
[Black "Bauduin, Etienne"]
[Result "1-0"]
[WhiteElo "2383"]
[BlackElo "2307"]
[PlyCount "50"]
[EventDate "2007.11.24"]
[SourceDate "2007.10.24"]

1. e4 e6 2. d3 d5 3. Nd2 Nf6 4. Ngf3 Nc6 5. c3 Bd6 6. b4 dxe4 7. dxe4 a5 8. b5
Ne5 9. Nxe5 Bxe5 10. Qc2 Bf4 11. Nf3 Qd6 12. Bb2 Nd7 13. g3 Bh6 14. a4 e5 15.
Ba3 Nc5 16. Rd1 Qf6 17. Be2 b6 18. Bxc5 bxc5 19. Rd5 O-O 20. O-O Bb7 21. Rxc5
Rad8 22. Rxc7 Ba8 23. Rc5 Rfe8 24. Rd1 Rxd1+ 25. Bxd1 Bxe4 {suite illisible}
1-0

[Event "Henin Beaumont-Arras"]
[Site "Henin Beaumont"]
[Date "2007.11.24"]
[Round "2.2"]
[White "Laurent, Bruno"]
[Black "Friess, Nicolas"]
[Result "1/2-1/2"]
[WhiteElo "2359"]
[BlackElo "2199"]
[PlyCount "79"]
[EventDate "2007.11.24"]
[SourceDate "2007.10.24"]

1. e4 e6 2. d4 d5 3. Nd2 Nf6 4. e5 Nfd7 5. c3 c5 6. f4 Nc6 7. Ndf3 Qb6 8. a3
cxd4 9. cxd4 a5 10. b3 Be7 11. h4 f6 12. Bd3 O-O 13. Ne2 Rf7 14. Ra2 Nf8 15. h5
Bd7 16. h6 g6 17. Bb1 Rc8 18. O-O Na7 19. Be3 Bb5 20. Bf2 Bxe2 21. Qxe2 Nb5 22.
Qb2 Nc3 23. Ra1 Qb5 24. Re1 fxe5 25. fxe5 Rc6 26. a4 Qb4 27. Bd3 b5 28. axb5
Nxb5 29. Reb1 Nc3 30. Rc1 a4 31. Be1 a3 32. Qc2 Rxf3 33. gxf3 Qxd4+ 34. Kg2
Qxe5 35. Bxc3 d4 36. Bc4 dxc3 37. Qe4 Qg5+ 38. Kf1 Bc5 39. Rc2 Qg1+ 40. Ke2
1/2-1/2

[Event "Henin Beaumont-Arras"]
[Site "Henin Beaumont"]
[Date "2007.11.24"]
[Round "2.3"]
[White "Fossier, Francois"]
[Black "Saiboulatov, Danial"]
[Result "0-1"]
[WhiteElo "2260"]
[BlackElo "2372"]
[PlyCount "112"]
[EventDate "2007.11.24"]
[SourceDate "2007.10.24"]

1. d4 e6 2. Nf3 Nf6 3. e3 b6 4. Bd3 c5 5. O-O Be7 6. c4 O-O 7. Nc3 d5 8. b3
Nbd7 9. Bb2 Bb7 10. cxd5 exd5 11. Ne5 Nxe5 12. dxe5 Ne8 13. Ne2 g6 14. f4 f5
15. Qc2 Ng7 16. Rad1 Qc8 17. g4 fxg4 18. e4 c4 19. bxc4 Bc5+ 20. Kh1 dxe4 21.
Bxe4 Nf5 22. Bd5+ Bxd5+ 23. cxd5 Ne3 24. Qc3 Nxd1 25. Rxd1 Qf5 26. Qd3 Qxd3 27.
Rxd3 g5 28. Bc1 gxf4 29. Bxf4 Rxf4 30. Nxf4 Rf8 31. Ne2 Rf1+ 32. Kg2 Rf2+ 33.
Kg3 Rxe2 34. d6 Kf7 35. d7 Be7 36. d8=Q Bxd8 37. Rxd8 Rxe5 38. Kxg4 h5+ 39. Kf4
Ra5 40. Rd7+ Ke6 41. Rd2 Rf5+ 42. Ke4 Re5+ 43. Kf4 Ra5 44. h4 Rf5+ 45. Ke4 Rc5
46. Kf4 b5 47. Rd8 b4 48. Rh8 a5 49. Rh6+ Kd7 50. Ke3 Rc2 51. Kd3 Rxa2 52. Kc4
Rf2 53. Kb5 b3 54. Kxa5 Ra2+ 55. Kb6 b2 56. Rh7+ Ke8 0-1

[Event "Henin Beaumont-Arras"]
[Site "Henin Beaumont"]
[Date "2007.11.24"]
[Round "2.4"]
[White "Andrieux, Pascal"]
[Black "Rouze, Xavier"]
[Result "1-0"]
[WhiteElo "2219"]
[BlackElo "2050"]
[PlyCount "83"]
[EventDate "2007.11.24"]
[SourceDate "2007.10.24"]

1. e4 Nf6 2. Nc3 d5 3. exd5 Nxd5 4. Bc4 Nb6 5. Bb3 Nc6 6. Nf3 Bg4 7. Bxf7+ Kd7
8. h3 Bxf3 9. Qxf3 e6 10. Qe4 Qf6 11. Bh5 Bc5 12. O-O Raf8 13. Nd1 Nd5 14. d3
Ne5 15. c3 g6 16. Be2 Bd6 17. d4 Nf7 18. c4 Nf4 19. Bxf4 Bxf4 20. Ne3 Ng5 21.
Qd3 h5 22. c5 c6 23. Nc4 Kc8 24. b4 Bc7 25. Nd6+ Bxd6 26. cxd6 Qf5 27. Qe3 Qf4
28. Bd3 Rhg8 29. b5 Qxe3 30. fxe3 Kd7 31. bxc6+ bxc6 32. Rxf8 Rxf8 33. h4 Nf7
34. Rf1 Kxd6 35. Bxg6 Ke7 36. Rxf7+ Rxf7 37. Bxf7 Kxf7 38. Kf2 Kf6 39. Kf3 Kg6
40. g4 hxg4+ 41. Kxg4 Kf6 42. Kf4 1-0

[Event "Henin Beaumont-Arras"]
[Site "Henin Beaumont"]
[Date "2007.11.24"]
[Round "2.5"]
[White "Van Rompu, Alexandre"]
[Black "Goasdoue, Vincent"]
[Result "1-0"]
[WhiteElo "2126"]
[BlackElo "2146"]
[PlyCount "141"]
[EventDate "2007.11.24"]
[SourceDate "2007.10.24"]

1. e4 g6 2. d4 Bg7 3. Nc3 d6 4. Be3 a6 5. Be2 b5 6. a3 Nd7 7. f4 Bb7 8. Bf3 e5
9. Nge2 Ne7 10. Ng3 Bh6 11. Qd2 Nb6 12. Be2 Nc6 13. fxe5 Bxe3 14. Qxe3 dxe5 15.
d5 Nd4 16. O-O-O h5 17. Bd3 Qe7 18. Nce2 Nxe2+ 19. Nxe2 O-O-O 20. Rhf1 Rh7 21.
Nc3 Kb8 22. Rf2 f6 23. Rdf1 Rd6 24. Bxb5 axb5 25. Nxb5 Ba6 26. Qc5 Bxb5 27.
Qxb5 Qd7 28. Qb4 Rf7 29. c4 f5 30. c5 Rdf6 31. cxb6 Rxb6 32. Qc3 Qd6 33. exf5
Qxd5 34. Kb1 gxf5 35. Rxf5 Rxf5 36. Rxf5 Qd1+ 37. Qc1 Qd3+ 38. Qc2 Qxa3 39.
Rxe5 h4 40. Rc5 Qe3 41. Rxc7 Qe1+ 42. Qc1 Qe4+ 43. Rc2 Rb3 44. Qh6 Qd3 45. Qf8+
Kb7 46. Qc8+ Ka7 47. Qc4 h3 48. Qxd3 Rxd3 49. gxh3 Rxh3 50. Kc1 Kb6 51. Kd1 Kb5
52. Ke1 Kb4 53. Kf1 Kb3 54. Kg2 Rh8 55. Rf2 Rg8+ 56. Kf3 Rf8+ 57. Kg3 Rg8+ 58.
Kh4 Rh8+ 59. Kg5 Rg8+ 60. Kh5 Rh8+ 61. Kg6 Rh4 62. Kg5 Rh3 63. Kg4 Rh8 64. h4
Rg8+ 65. Kh3 Rh8 66. Rh2 Kc4 67. Kg4 Rg8+ 68. Kf5 Rf8+ 69. Kg6 Rb8 70. h5 Rb6+
71. Kg5 1-0

[Event "Henin Beaumont-Arras"]
[Site "Henin Beaumont"]
[Date "2007.11.24"]
[Round "2.6"]
[White "Stawiarski, Edmond"]
[Black "Deschin, Pierre Antoine"]
[Result "1-0"]
[WhiteElo "2122"]
[BlackElo "2061"]
[PlyCount "147"]
[EventDate "2007.11.24"]
[SourceDate "2007.10.24"]

1. d4 Nf6 2. Nf3 e6 3. Bf4 b6 4. e3 Bb7 5. Bd3 d5 6. Nbd2 Bd6 7. Ne5 O-O 8. Bg5
Be7 9. O-O Nbd7 10. Ndf3 Ne4 11. Bxe7 Qxe7 12. Nxd7 Qxd7 13. Ne5 Qe7 14. c3 f6
15. Nf3 Qf7 16. Ne1 c5 17. f3 Nd6 18. Qc2 g6 19. Qd2 Rfe8 20. f4 Ne4 21. Qc2 f5
22. Nf3 Qc7 23. Ne5 Nf6 24. Qe2 a6 25. Rac1 Qd6 26. Qf2 Nd7 27. Nf3 Bc6 28.
Rfe1 b5 29. h4 Nf6 30. Ne5 Nd7 31. Nf3 Nf6 32. Qg3 Ng4 33. h5 c4 34. Bc2 gxh5
35. Qh4 Re7 36. Qxh5 Rg7 37. Qh4 Qd8 38. Qxd8+ Rxd8 39. Ne5 Be8 40. Bd1 Bh5 41.
Bxg4 Bxg4 42. Kf2 Rd6 43. Rh1 a5 44. Rh6 b4 45. b3 Rc7 46. cxb4 axb4 47. bxc4
dxc4 48. Rxc4 Rxc4 49. Nxc4 Ra6 50. Kg3 Kg7 51. Rh1 Be2 52. Ne5 Rxa2 53. Rb1
Ra4 54. Nc6 Ra6 55. Nxb4 Rb6 56. Rb2 Rb5 57. Rxe2 Rxb4 58. Kf3 Rb1 59. g4 fxg4+
60. Kxg4 Rg1+ 61. Kf3 Rh1 62. Ke4 Kf6 63. Rd2 h5 64. d5 exd5+ 65. Rxd5 h4 66.
Rd6+ Kg7 67. Kf5 Rg1 68. Rd2 Rh1 69. e4 h3 70. e5 h2 71. Rg2+ Kf7 72. Ra2 Ke7
73. Ra7+ Kd8 74. Rh7 1-0

[Event "Henin Beaumont-Arras"]
[Site "Henin Beaumont"]
[Date "2007.11.24"]
[Round "2.7"]
[White "Koscielny, Edmond"]
[Black "Manet, Eric"]
[Result "1/2-1/2"]
[WhiteElo "1913"]
[BlackElo "2026"]
[PlyCount "137"]
[EventDate "2007.11.24"]
[SourceDate "2007.10.24"]

1. f4 d5 2. Nf3 c5 3. b3 Nf6 4. Bb2 e6 5. e3 Be7 6. Nc3 O-O 7. Bd3 Nc6 8. O-O
Nb4 9. Ne5 Nxd3 10. cxd3 Nd7 11. d4 cxd4 12. exd4 Qb6 13. Na4 Qd6 14. Rc1 Nf6
15. Qe2 Rd8 16. Rf3 Bd7 17. Nc5 Rab8 18. Rh3 b6 19. Ncxd7 Nxd7 20. Qh5 Nf8 21.
Nxf7 g6 22. Nxd6 gxh5 23. Nb5 a6 24. Rc7 Rd7 25. Rxd7 Nxd7 26. Nc3 h4 27. Ne2
Kg7 28. Rc3 Rb7 29. Rc6 Kf7 30. Nc1 Kf6 31. Kf2 Kf5 32. Kf3 Nf6 33. Nd3 Ng4 34.
h3 Nf6 35. Nf2 Nh5 36. Nd3 Bf8 37. Rc8 Bh6 38. Ba3 Rf7 39. Bd6 Rg7 40. Rf8+ Nf6
41. Rxf6+ Kxf6 42. Be5+ Kf5 43. Bxg7 Bxg7 44. Ke3 Bh6 45. a4 b5 46. Kf3 bxa4
47. bxa4 Bf8 48. Nc5 a5 49. d3 Bd6 50. Nb7 Bc7 51. Nc5 Bd6 52. Nd7 h5 53. Ne5
Bb4 54. Ke3 Bd6 55. Kf3 Bb4 56. Nc6 Bc3 57. Ke3 Be1 58. Kf3 Bd2 59. Ke2 Bc3 60.
Ke3 Be1 61. Kf3 Bd2 62. g4+ hxg3 63. Kxg3 Be1+ 64. Kf3 Bd2 65. Nd8 Bc3 66. Nb7
Bb4 67. Ke3 Kf6 68. Nc5 Kf5 69. Nb7 1/2-1/2

[Event "Henin Beaumont-Arras"]
[Site "Henin Beaumont"]
[Date "2007.11.24"]
[Round "2.8"]
[White "Loyer, Angelique"]
[Black "Belafkih, Kimia"]
[Result "1-0"]
[WhiteElo "1982"]
[BlackElo "1480"]
[PlyCount "59"]
[EventDate "2007.11.24"]
[SourceDate "2007.10.24"]

1. d4 d5 2. Nf3 Nf6 3. Bf4 c5 4. c3 Nc6 5. e3 Qb6 6. Qb3 c4 7. Qc2 Bf5 8. Qc1
Nh5 9. Bg3 Nxg3 10. hxg3 e6 11. Nbd2 O-O-O 12. Be2 f6 13. Nh4 Bd6 14. Nxf5 exf5
15. Qc2 g6 16. Bf3 Be7 17. O-O Qc7 18. b3 cxb3 19. Nxb3 h5 20. a4 Kb8 21. Rfb1
a6 22. Nd2 Na7 23. Qd3 Qd7 24. Qxa6 Qc6 25. Rb6 Qc8 26. Rab1 Rd7 27. Bxd5 Bd8
28. Rxb7+ Rxb7 29. Rxb7+ Ka8 30. Qxa7# 1-0

[Event "Lille-Le Touquet"]
[Site "Henin Beaumont"]
[Date "2007.11.24"]
[Round "2.1"]
[White "Cappon, John"]
[Black "Roeder, Mathias"]
[Result "0-1"]
[WhiteElo "2223"]
[BlackElo "2452"]
[PlyCount "117"]
[EventDate "2007.11.24"]
[SourceDate "2007.10.24"]

1. e4 c5 2. Nf3 d6 3. Bb5+ Nc6 4. O-O Bd7 5. c3 Nf6 6. Re1 a6 7. Bf1 Bg4 8. d3
e6 9. h3 Bh5 10. Bf4 Be7 11. Nbd2 O-O 12. a4 d5 13. g4 Bg6 14. Ne5 Nd7 15. Nxc6
bxc6 16. Nf3 a5 17. Bg2 Ra7 18. Qb3 c4 19. dxc4 Nc5 20. Qa2 Nd3 21. Be3 Rb7 22.
Re2 dxe4 23. Ne1 e5 24. Nxd3 exd3 25. Rd2 e4 26. c5 Qd5 27. Qxd5 cxd5 28. f3
Rc8 29. fxe4 Bxe4 30. Re1 h5 31. Bxe4 dxe4 32. Bd4 Bg5 33. Be3 Bh4 34. Bf2 Bg5
35. Be3 Rxc5 36. Bxg5 Rxg5 37. Rxe4 hxg4 38. Rxg4 Re5 39. Rd4 Re2 40. R4xd3
Rxb2 41. Rxb2 Rxb2 42. Rd5 Rb3 43. Rxa5 Rxc3 44. Kg2 Kh7 45. Ra6 Ra3 46. a5 f6
47. Ra7 Kh6 48. a6 g6 49. Ra8 Kg5 50. a7 f5 51. Kf2 Kf4 52. h4 Ra2+ 53. Ke1 Kf3
54. Rg8 Ra1+ 55. Kd2 Rxa7 56. Rxg6 Rh7 57. Rg1 f4 58. Rf1+ Kg3 59. Ke2 {
suite illisible} 0-1

[Event "Lille-Le Touquet"]
[Site "Henin Beaumont"]
[Date "2007.11.24"]
[Round "2.2"]
[White "D'Costa, Lorin"]
[Black "Bouhallel, Rabah"]
[Result "1-0"]
[WhiteElo "2395"]
[BlackElo "2287"]
[PlyCount "135"]
[EventDate "2007.11.24"]
[SourceDate "2007.10.24"]

1. d4 e6 2. c4 c5 3. d5 exd5 4. cxd5 d6 5. Nc3 Ne7 6. Nf3 Ng6 7. h4 h5 8. g3
Be7 9. Bg2 Nd7 10. Qc2 a6 11. Ng5 Nge5 12. O-O Bxg5 13. Bxg5 f6 14. Bd2 Qe7 15.
Ne4 O-O 16. b4 b6 17. bxc5 Nxc5 18. Nxc5 bxc5 19. Rab1 Bg4 20. Bc3 Rfb8 21.
Rfe1 Rb5 22. a4 Rbb8 23. f4 Nf7 24. e4 Qe8 25. a5 Bd7 26. Bf3 Nh6 27. Qd3 Rb5
28. Rbc1 Qg6 29. Bd1 Rb7 30. Kg2 Bg4 31. Ba4 Bd7 32. Bc6 Raa7 33. f5 Qe8 34.
Bxb7 Rxb7 35. Qxa6 Qb8 36. Qe2 Ng4 37. Qa2 Bb5 38. Rb1 Qe8 39. Qc2 Ra7 40. Rb2
Kh7 41. Qb1 Bc4 42. Rb6 Qa4 43. Rxd6 Rxa5 44. Rb6 Ra7 45. d6 Bf7 46. Qd3 Bc4
47. Qd2 Bb5 48. Kg1 Qc4 49. Bb2 Bd7 50. Qe2 Qf7 51. Ra1 Rxa1+ 52. Bxa1 Qe8 53.
Qd3 Qa8 54. Bb2 Qa4 55. Rb7 c4 56. Qd2 Qc6 57. Qd5 Qa4 58. Qd2 c3 59. Bxc3 Qxe4
60. Rxd7 Qb1+ 61. Qe1 Qb6+ 62. Kg2 Qc6+ 63. Kf1 Qf3+ 64. Kg1 Ne3 65. Qf2 Qd1+
66. Be1 Ng4 67. Qd2 Qf3 68. Re7 1-0